Le problème de civilisation: la nation

Gardado en:
Detalles Bibliográficos
Autor Principal: Delos, J. T (Author)
Formato: Libro
Idioma:francés
Publicado: Montreal De LïArbre 1944
Subjects:
Tags: Engadir etiqueta
Sen Etiquetas, Sexa o primeiro en etiquetar este rexistro!

MARC

LEADER 00000nam a2200000 a 4500
001 UCT7779
003 CL-VaPUC
008 970317e19440000CN |||||||||||||||||fre|d
082 0 4 |a 320.54  |b DEL  |2 21 
100 0 |a Delos, J. T  |e author  |9 378903 
245 1 3 |a Le problème de civilisation: la nation 
300 |a 2 v 
942 |c BK 
945 |d 19970317 00:00:00  |a paguirre 
260 |a Montreal  |b De LïArbre  |c 1944 
500 |a v.1: Sociologie de la nation 
500 |a v.2: Le nationalisme et l'ordre de droit 
650 0 |a Naciones  |9 337518 
650 7 |a DESARROLLO NACIONAL  |2 CL-VaPUC  |9 338456 
650 0 |a Doctrinas políticas  |9 255835 
650 7 |a DESARROLLO NACIONAL  |2 CL-VaPUC  |9 338456 
650 7 |a CONCIENCIA NACIONAL  |2 CL-VaPUC  |9 338171 
650 7 |a IDENTIFICACION NACIONAL  |2 CL-VaPUC  |9 378904 
650 7 |a CARACTER NACIONAL  |2 CL-VaPUC  |9 338170 
583 |a last modification  |c 19970317 00:00:00  |k Rodrigo Vera 
999 |c 256326  |d 256324 
952 |0 0  |1 0  |4 0  |6 320_540000000000000_DEL_1944  |7 0  |8 DER_TF  |9 278997  |a BIBDER  |b BIBDER  |d 2019-11-19  |h v.1  |i 1807641  |o 320.54 DEL 1944  |p 1807641  |r 2023-01-25  |w 2019-11-19  |x Ubicación 4to Piso  |y BK  |z Estos recursos deben solicitarse con anticipación  |k DER 
952 |0 0  |1 0  |4 0  |6 320_540000000000000_DEL_1944  |7 0  |8 DER_TF  |9 278998  |a BIBDER  |b BIBDER  |d 2019-11-19  |h v.2  |i 180765K  |o 320.54 DEL 1944  |p 180765K  |r 2023-01-25  |w 2019-11-19  |x Ubicación 4to Piso  |y BK  |z Estos recursos deben solicitarse con anticipación  |k DER